| 000 | 00000nam##2200000za#4500 |
| 001 | 9.698959 |
| 003 | CaOODSP |
| 005 | 20241203113638 |
| 007 | cr ||||||||||| |
| 008 | 150407|2005||||xxc|||||o f|0| 0 eng|d |
| 040 | |aCaOODSP|beng |
| 043 | |an-cn--- |
| 086 | 1 |aEn164-43/2005E-PDF |
| 110 | 1 |aCanada. |bEnvironment Canada. |
| 245 | 10|aGreat Lakes Binational Toxics Strategy assessment of Level 1 substances - summary / |h[electronic resource]|c[in collaboration with the] U.S. Environmental Protection Agency. |
| 260 | |aBurlington - Ontario : |bEnvironment Canada |cDecember 2005. |
| 300 | |a64p.|bfigs., graphs, tables, photographs |
| 590 | |a14-05-Supp|b2014-02-26 |
| 690 | 07|aLakes|2gcpds |
| 690 | 07|aToxic substances|2gcpds |
| 690 | 07|aEnvironmental protection|2gcpds |
| 775 | 08|tStratégie binationale relative aux toxiques des Grands Lacs, évaluation des substances de niveau 1 - sommaire / |w(CaOODSP)9.642956 |
| 856 | 40|ahttp://publications.gc.ca|qPDF|s2.40 MB|uhttps://publications.gc.ca/collections/collection_2014/ec/En164-43-2005-eng.pdf |